000 01024nam a2200277Ia 4500
003 OSt
005 20221005111540.0
006 a|||||r|||| 00| 0
007 ta
008 221004b |||||||| |||| 00| 0 hin d
020 _a8126020598 (hbk)
_cIndian Rupees 250
024 _a41085
037 _bGift, 09/01/2019,
_cTextual
040 _aCRL
_cCRL
_bhin
041 _2hin
_ahin
082 _aO152,3M84x, Q0
100 _aयायावर, भारत, संपा.
245 0 _aमहावीर द्विवेदी रचना संचयन
246 _aMahāvīr dvivedī rachanā sanchayana
260 _aनई दिल्ली
_bसाहित्य अकादेमी भारत
_c2010
300 _a558पृ0
_ccm.
650 _a हिन्दी साहित्य
650 _aहिन्दी कहानी
942 _hO152,3M84x, Q0
_cTEXL
_2cc
999 _c1022145
_d1022145